Statistics for 2010's Movie by Screenshot #2

Click here to take the quiz!

General Stats

  • This quiz has been taken 95 times
  • The average score is 11 of 20

Answer Stats

Answer% Correct
Joker
99%
La La Land
91%
Paddington
88%
The Revenant
77%
Toy Story 3
76%
The Grand Budapest Hotel
72%
The Social Network
72%
Whiplash
66%
Get Out
61%
The Lighthouse
59%
Midsommar
56%
Ex Machina
47%
BlacKkKlansman
46%
The Last Jedi
41%
Manchester by the Sea
27%
Swiss Army Man
26%
Moonrise Kingdom
21%
Snowpiercer
21%
Four Lions
18%
Submarine
18%

Score Distribution

Percentile by Number Answered

Percent of People with Each Score

Your Score History

You have not taken this quiz